[Event "G5-2"]
[Site "Svendborg"]
[Date "2019.04.18"]
[Round "1"]
[White "Starup, Leo"]
[Black "Agger, Lars Breinholt"]
[Result "0-1"]
[WhiteElo "1577"]
[BlackElo "1810"]
[EventDate "2019.04.18"]
[EventRounds "5"]
[EventCountry "DEN"]
[WhiteFideId "1422669"]
[BlackFideId "1413058"]

1. e4 c5 2. Nf3 d6 3. c3 Nf6 4. Bd3 Nc6 5. h3 Qc7 6. Bc2 Bd7 7. d3 e5 8. Be3 Be7 9. Nbd2 Rc8 10. Rc1 O-O 11. O-O b5 12. Bb1 h6 13. Re1 Rfd8 14. Qe2 Qb8 15. d4 cxd4 16. cxd4 a5 17. Nf1 exd4 18. Nxd4 Ne5 19. b3 b4 20. Ng3 a4 21. Ngf5 Bf8 22. g4 Nh7 23. f4 Ng6 24. h4 Rxc1 25. Rxc1 Rc8 26. h5 Rxc1+ 27. Bxc1 Ne7 28. g5 Qc8 29. Bd2 Nxf5 30. exf5 Qc5 31. Be3 Qd5 32. Bd3 hxg5 33. fxg5 Qe5 34. Qf2 axb3 35. axb3 Qa5 36. Nc2 Bb5 37. Be4 Qa2 38. Nd4 Qa1+ 39. Kg2 Be8 40. f6 Qd1 41. Bf3 Qd3 42. Be2 Qe4+ 43. Bf3 Qe5 44. fxg7 Bxg7 45. h6 Bh8 46. Qd2 Bd7 47. Ne2 Qe6 48. Bd5 Qh3+ 49. Kf2 Qh4+ 50. Kg2 Bh3+ 51. Kg1 Be5 52. Bf3 Be6 53. g6 fxg6 54. Bf2 Qh2+ 55. Kf1 Nf6 56. Bg1 Qh4 57. Bf2 Qh3+ 58. Bg2 Qxb3 59. Qg5 Qb1+ 60. Be1 Qf5+ 61. Qxf5 Bxf5 62. Bxb4 Kh7 63. Bd2 Ng4 64. Bg5 Nxh6 65. Nf4 Ng4 66. Ke2 Kg7 67. Bd5 Nf6 68. Bb3 Ne4 69. Nd5 Nxg5  0-1

[Event "G5-2"]
[Site "Svendborg"]
[Date "2019.04.18"]
[Round "1"]
[White "Svendsen, Peter Willer"]
[Black "Pontoppidan, Erik"]
[Result "1-0"]
[WhiteElo "1936"]
[BlackElo "1740"]
[EventDate "2019.04.18"]
[EventRounds "5"]
[EventCountry "DEN"]
[WhiteFideId "1405250"]
[BlackFideId "1403478"]

1. e4 e5 2. Nf3 Nc6 3. Bb5 a6 4. Ba4 Nf6 5. O-O b5 6. Bb3 Be7 7. Re1 d6 8. c3 O-O 9. h3 Na5 10. Bc2 c5 11. d4 Qc7 12. Nbd2 Bd7 13. Nf1 Rfe8 14. Ng3 Bf8 15. d5 g6 16. Bg5 Bg7 17. b3 h6 18. Be3 Nb7 19. Qd2 Kh7 20. Nh2 Ng8 21. Ng4 Bxg4 22. hxg4 Qe7 23. f3 f6 24. Kf2 Nd8 25. a4 Nf7 26. Bd3 Qb7 27. b4 cxb4 28. cxb4 Rec8 29. Qe2 Rcb8 30. Reb1 Ne7 31. axb5 axb5 32. Rxa8 Rxa8 33. Bxb5 Ra3 34. Be8 Ng5 35. Qc4 Qa8 36. Bc6  1-0

[Event "G5-2"]
[Site "Svendborg"]
[Date "2019.04.18"]
[Round "1"]
[White "Nielsen, Mathias"]
[Black "Hansen, Erik"]
[Result "1-0"]
[WhiteElo "1888"]
[BlackElo "1708"]
[EventDate "2019.04.18"]
[EventRounds "5"]
[EventCountry "DEN"]
[WhiteFideId "1441868"]
[BlackFideId "1413503"]

1. e4 c5 2. Nf3 Nc6 3. Bc4 e6 4. c3 d6 5. O-O Nf6 6. Re1 Be7 7. d4 cxd4 8. cxd4 O-O 9. Nc3 a6 10. d5 Na5 11. Bf1 b5 12. b4 Nc4 13. Bxc4 bxc4 14. Qd4 exd5 15. exd5 Bg4 16. Nd2 Bh5 17. Nxc4 Nd7 18. Bf4 Bf6 19. Qe3 Qc8 20. Bxd6 Re8 21. Qd3 Qb7 22. Rac1 Bg6 23. Ne4 Kh8 24. Re2 h6 25. Rce1 Ne5 26. Nxe5 Bxe5 27. Qb3 Qd7 28. Bxe5 Rxe5 29. Nc5 Rxe2 30. Rxe2 Qg4 31. Re1 Kh7 32. d6 Qd4 33. Rd1 Re8 34. h3 Qf4 35. d7 Rd8 36. Nb7 Rxd7 37. Rxd7 Qe4 38. Qc3 Qb1+ 39. Kh2 Qxa2 40. Qd4 Qc2 41. Nd6 Qc6 42. Ne8  1-0

[Event "G5-2"]
[Site "Svendborg"]
[Date "2019.04.18"]
[Round "1"]
[White "Onisey, Mazen"]
[Black "Pedersen, Kim"]
[Result "1-0"]
[WhiteElo "1833"]
[BlackElo "1661"]
[EventDate "2019.04.18"]
[EventRounds "5"]
[EventCountry "DEN"]
[WhiteFideId "1461214"]
[BlackFideId "1404105"]

1. e4 c5 2. Nf3 g6 3. d4 cxd4 4. Nxd4 Bg7 5. Bc4 Nf6 6. Nc3 O-O 7. e5 Ne8 8. f4 Nc6 9. Be3 d6 10. Nxc6 bxc6 11. Qf3 d5 12. O-O-O Qa5 13. Bb3 Nc7 14. Na4 Bf5 15. Qf2 Ne6 16. Rhg1 Rfd8 17. g4 Be4 18. f5 Nc7 19. Bc5 Bxe5 20. Bxe7 Rd7 21. f6 Bd6 22. Bxd6 Rxd6 23. g5 Ne6 24. h4 c5 25. Nc3 c4 26. Bxc4 Rb6 27. Bb3 Nc5 28. Nxe4 Nxb3+ 29. Kb1 dxe4 30. cxb3 Ra6 31. a3 Rb8 32. Rg3 Re6 33. Qd4 Rbe8 34. Re3 Qc7 35. Rc1 Qb7 36. Ka2 Re5 37. Rd1 Qc7 38. Rc3 Qb7 39. Qxe5  1-0

[Event "G5-2"]
[Site "Svendborg"]
[Date "2019.04.18"]
[Round "1"]
[White "Jensen, Jan Kargaard"]
[Black "Raahauge, Lars"]
[Result "0-1"]
[WhiteElo "1691"]
[BlackElo "1916"]
[EventDate "2019.04.18"]
[EventRounds "5"]
[EventCountry "DEN"]
[WhiteFideId "1411098"]
[BlackFideId "1410199"]

1. d4 Nf6 2. c4 e5 3. dxe5 Ne4 4. Nf3 Nc6 5. e3 b6 6. Bd3 Nc5 7. Nc3 Bb7 8. a3 a5 9. Be2 g5 10. Nd5 Bg7 11. Nf6+ Bxf6 12. exf6 Qxf6 13. Rb1 g4 14. Nd2 Ne5 15. O-O Rg8 16. Kh1 Qh4 17. f3 g3 18. h3 Ng4  0-1

[Event "G5-2"]
[Site "Svendborg"]
[Date "2019.04.18"]
[Round "1"]
[White "Andersen, Per"]
[Black "Hansen, Aksel"]
[Result "1/2-1/2"]
[WhiteElo "1657"]
[BlackElo "1814"]
[EventDate "2019.04.18"]
[EventRounds "5"]
[EventCountry "DEN"]
[WhiteFideId "1445081"]
[BlackFideId "1412213"]

1. d4 g6 2. c4 Bg7 3. Nc3 c5 4. d5 d6 5. e4 a6 6. Nf3 Nd7 7. a4 Ngf6 8. Be2 O-O 9. O-O Ne5 10. Nxe5 dxe5 11. Be3 Qc7 12. f3 Rd8 13. Qc2 Ne8 14. Rac1 Bd7 15. b3 Nd6 16. Rfd1 f5 17. Kh1 f4 18. Bf2 g5 19. h4 h6 20. Qd2 Kf7 21. Kg1 Bf6 22. Qe1 Rg8 23. hxg5 hxg5 24. g4 fxg3 25. Bxg3 Rh8 26. Qf2 Rh6 27. Bf1 Rah8 28. Bg2 Qb6 29. Qc2 Bh3 30. Kf2 Qc7 31. Rh1 Qd7 32. Qe2 Bxg2 33. Kxg2 Rxh1 34. Rxh1 Rxh1 35. Kxh1 Qh3+ 36. Bh2 g4 37. Qg2 Qh4 38. Qg3 Qg5 39. fxg4 Qc1+ 40. Bg1 Qb2 41. Qf3 Qxb3 42. g5  1/2-1/2

[Event "G5-2"]
[Site "Svendborg"]
[Date "2019.04.19"]
[Round "2"]
[White "Raahauge, Hans"]
[Black "Andersen, Per"]
[Result "1/2-1/2"]
[WhiteElo "1617"]
[BlackElo "1657"]
[EventDate "2019.04.18"]
[EventRounds "5"]
[EventCountry "DEN"]
[WhiteFideId "1417754"]
[BlackFideId "1445081"]

1. e4 c5 2. d4 cxd4 3. c3 Nf6 4. e5 Nd5 5. cxd4 Nc6 6. Bc4 Nb6 7. Bb3 d6 8. exd6 Qxd6 9. Ne2 e6 10. Bf4 Qd8 11. O-O Be7 12. Nbc3 a6 13. Ne4 O-O 14. Rc1 Nd5 15. Bxd5 Qxd5 16. N4c3 Qd8 17. d5 Nb4 18. dxe6 Bxe6 19. a3 Nc6 20. Qc2 Qc8 21. Rfd1 Rd8 22. Rxd8+ Qxd8 23. Rd1 Qe8 24. Nd4 Nxd4 25. Rxd4 Rd8 26. Qd2 Rxd4 27. Qxd4 Bf6  1/2-1/2

[Event "G5-2"]
[Site "Svendborg"]
[Date "2019.04.19"]
[Round "2"]
[White "Raahauge, Lars"]
[Black "Onisey, Mazen"]
[Result "0-1"]
[WhiteElo "1916"]
[BlackElo "1833"]
[EventDate "2019.04.18"]
[EventRounds "5"]
[EventCountry "DEN"]
[WhiteFideId "1410199"]
[BlackFideId "1461214"]

1. e4 c6 2. d4 d5 3. exd5 cxd5 4. Bd3 Nc6 5. c3 Nf6 6. Bf4 g6 7. h3 Bg7 8. Nf3 O-O 9. O-O a5 10. Na3 Na7 11. Qb3 b6 12. Rfe1 Bd7 13. Ne5 Be8 14. Rac1 e6 15. Nb5 Nh5 16. Be3 f6 17. Nf3 f5 18. Bg5 Qd7 19. Nxa7 Rxa7 20. Qxb6 Bf7 21. Bb5 Qb7 22. Qxb7 Rxb7 23. a4 h6 24. Bd2 Ra7 25. Ne5 Bxe5 26. Rxe5 Kg7 27. c4 Nf6 28. c5 Ne4 29. Be1 Rc8 30. f3 Nd6 31. Bd2 Ne8 32. Ree1 g5 33. b4 axb4 34. Bxb4 Kf6 35. c6 Nc7 36. Ra1 f4 37. Bc5 Raa8 38. Bd6 Be8 39. Be5+ Kf7 40. Kf2 Na6 41. Rac1 Nb4 42. h4 Bxc6 43. Rb1 Bxb5 44. Rxb4 Rc2+ 45. Kg1 Bxa4 46. Ra1 Bc6 47. Rxa8 Bxa8 48. Ra4 Bb7 49. h5 Rc4 50. Ra5 Rc2 51. Rb5 Bc8 52. Rb8 Ba6 53. Rh8 Bd3 54. Rxh6 Rc1+ 55. Kh2 Rc2 56. Rh8 g4 57. Bd6 gxf3 58. Rf8+ Kg7 59. Rxf4 f2  0-1

[Event "G5-2"]
[Site "Svendborg"]
[Date "2019.04.19"]
[Round "2"]
[White "Hansen, Aksel"]
[Black "Jensen, Jan Kargaard"]
[Result "1/2-1/2"]
[WhiteElo "1814"]
[BlackElo "1691"]
[EventDate "2019.04.18"]
[EventRounds "5"]
[EventCountry "DEN"]
[WhiteFideId "1412213"]
[BlackFideId "1411098"]

1. e4 c5 2. Nf3 Nc6 3. Be2 g6 4. c3 Bg7 5. O-O d6 6. d3 Nf6 7. Nbd2 O-O 8. Nc4 e5 9. Ne3 d5 10. exd5 Nxd5 11. Nxd5 Qxd5 12. Be3 b6 13. Qd2 Bb7 14. Bh6 Rad8 15. Rfd1 e4 16. dxe4 Qxe4 17. Qe3 Qxe3 18. Bxe3 Ne5 19. Nxe5 Bxe5 20. Rxd8 Rxd8 21. Rd1 Rxd1+ 22. Bxd1 Bd5 23. a4 a5 24. Bd2 Kf8 25. b3 Ke7 26. f4 Bc7 27. Bc2 f5 28. c4 Bf7 29. Kf2 h5 30. h4 Kd7 31. g3 Kd6 32. Bc3 Ke6 33. Bd1 Ke7 34. Bf3 Be6 35. Ke3 Bd6 36. Bh8 Bf7 37. Kd3 Be6 38. Bg7 Bc7 39. Bc3 Bd6 40. Bd2 Bc7 41. Bd5 Bd6  1/2-1/2

[Event "G5-2"]
[Site "Svendborg"]
[Date "2019.04.19"]
[Round "2"]
[White "Agger, Lars Breinholt"]
[Black "Svendsen, Peter Willer"]
[Result "0-1"]
[WhiteElo "1810"]
[BlackElo "1936"]
[EventDate "2019.04.18"]
[EventRounds "5"]
[EventCountry "DEN"]
[WhiteFideId "1413058"]
[BlackFideId "1405250"]

1. e4 e5 2. Nf3 Nf6 3. Nxe5 d6 4. Nf3 Nxe4 5. Nc3 Nxc3 6. dxc3 Be7 7. Be3 Nc6 8. Qd2 Be6 9. O-O-O O-O 10. Kb1 Ne5 11. Nxe5 dxe5 12. Bd3 Qe8 13. Qe2 Qa4 14. b3 Qa5 15. Bc1 Rfd8 16. g4 Qxc3 17. Bb2 Qc5 18. Bxe5 Bxg4 19. f3 Bxf3 20. Rhg1 Bxe2 21. Rxg7+ Kf8 22. Rdg1 Qxg1+ 23. Rxg1 Bxd3 24. cxd3 Rxd3 25. Bg7+ Ke8 26. Re1 Rad8 27. Kc2 Rd2+ 28. Kc3 R8d3+ 29. Kc4 c6 30. a4 Kd7 31. Re4 b5+ 32. axb5 cxb5+ 33. Kxb5 Rxb3+ 34. Kc4 Rb4+ 35. Kc3  0-1

[Event "G5-2"]
[Site "Svendborg"]
[Date "2019.04.19"]
[Round "2"]
[White "Horslund, Mikael"]
[Black "Schmidt, Kim"]
[Result "1/2-1/2"]
[WhiteElo "1723"]
[BlackElo "1790"]
[EventDate "2019.04.18"]
[EventRounds "5"]
[EventCountry "DEN"]
[WhiteFideId "1421042"]
[BlackFideId "1403036"]

1. d4 Nf6 2. c4 e6 3. Nf3 d5 4. Nc3 c6 5. e3 Nbd7 6. Bd3 g6 7. O-O Bg7 8. b3 O-O 9. Bb2 Ne8 10. cxd5 exd5 11. Ba3 c5 12. Nxd5 b6 13. Rc1 Bb7 14. Nf4 Rc8 15. Qe2 Nd6 16. Rfd1 Re8 17. Ba6 Rc7 18. Bxb7 Nxb7 19. Qa6 cxd4 20. exd4 Rxc1 21. Rxc1 Qb8 22. g3 Nf6 23. Ne5 Nd8 24. Qc4 Qb7 25. Qd3 Bh6 26. Qf3 Qxf3 27. Nxf3 Bxf4 28. gxf4 Ne6 29. f5  1/2-1/2

[Event "G5-2"]
[Site "Svendborg"]
[Date "2019.04.19"]
[Round "2"]
[White "Hansen, Erik Hedegaard"]
[Black "Nielsen, Mathias"]
[Result "0-1"]
[WhiteElo "1698"]
[BlackElo "1888"]
[EventDate "2019.04.18"]
[EventRounds "5"]
[EventCountry "DEN"]
[WhiteFideId "1410946"]
[BlackFideId "1441868"]

1. d4 d5 2. c4 Nf6 3. Nf3 Bf5 4. e3 e6 5. Bd3 Bg6 6. O-O c6 7. Nc3 Nbd7 8. b3 Rc8 9. Bb2 Bd6 10. Qc2 Bb8 11. Rac1 Qc7 12. e4 Bh5 13. e5 Bxf3 14. gxf3 Nxe5 15. dxe5 Qxe5 16. Rfe1 Qxh2+ 17. Kf1 Nh5 18. Ke2 Nf4+ 19. Kd1 Nxd3 20. Qxd3 Qxf2 21. Re2 dxc4 22. bxc4 Qh4 23. Re4 Bf4 24. Qe2 Qh1+ 25. Kc2 Bxc1 26. Rxe6+ Kf8 27. Bxc1 fxe6 28. Qxe6 Qh2+ 29. Ne2 Qc7 30. Bf4 Re8 31. Bd6+ Re7 32. Qf5+ Ke8 33. Bxc7 Rxc7 34. Qe6+ Re7 35. Qc8+ Kf7 36. Qxh8 Rxe2+ 37. Kd3 Rxa2 38. Qxh7 a5 39. Qh5+ Kf6 40. Qc5 a4 41. f4 a3 42. Qe5+ Kf7 43. Qc7+ Kg8 44. Qxb7 Ra1 45. Qa8+ Kh7 46. Qa4 a2 47. Kc2 Rf1 48. Qxa2 Rf2+ 49. Kb3 Rxa2 50. Kxa2 Kg6 51. Kb3 Kf5 52. Kb4 Kxf4 53. Kc5 g5 54. Kxc6 g4  0-1

[Event "G5-2"]
[Site "Svendborg"]
[Date "2019.04.20"]
[Round "3"]
[White "Svendsen, Peter Willer"]
[Black "Nielsen, Mathias"]
[Result "1-0"]
[WhiteElo "1936"]
[BlackElo "1888"]
[EventDate "2019.04.18"]
[EventRounds "5"]
[EventCountry "DEN"]
[WhiteFideId "1405250"]
[BlackFideId "1441868"]

1. e4 e5 2. Nf3 Nc6 3. Bb5 Bc5 4. O-O d6 5. h3 Nf6 6. d4 a6 7. Bxc6+ bxc6 8. dxc5 Nxe4 9. cxd6 cxd6 10. Re1 f5 11. Nbd2 Ng5 12. Nxg5 Qxg5 13. Ne4  1-0

[Event "G5-2"]
[Site "Svendborg"]
[Date "2019.04.20"]
[Round "3"]
[White "Onisey, Mazen"]
[Black "Horslund, Mikael"]
[Result "1-0"]
[WhiteElo "1833"]
[BlackElo "1723"]
[EventDate "2019.04.18"]
[EventRounds "5"]
[EventCountry "DEN"]
[WhiteFideId "1461214"]
[BlackFideId "1421042"]

1. e4 d6 2. d4 Nf6 3. Bd3 e5 4. c3 Be7 5. Ne2 O-O 6. Ng3 Re8 7. O-O Bf8 8. Bg5 h6 9. Bd2 exd4 10. cxd4 c5 11. d5 a6 12. a4 b6 13. Na3 Ra7 14. Nc4 Rae7 15. Qb3 b5 16. axb5 axb5 17. Qxb5 Rb7 18. Qa4 h5 19. Qc2 h4 20. Ne2 h3 21. g3 Rbe7 22. f3 Qd7 23. Bf4 Na6 24. Nb6 Nb4 25. Nxd7 Nxc2 26. Nxf6+ gxf6 27. Bxc2 Rb7 28. Rfb1 f5 29. Bd2 fxe4 30. Bxe4 f5 31. Bd3 Bd7 32. Kf2 Bb5 33. Bxb5 Rxb5 34. Bc3 Bh6 35. f4 Rb7 36. Ng1 Reb8 37. Nxh3 Bg7 38. Bxg7 Kxg7 39. Ra6 Rxb2+ 40. Rxb2 Rxb2+ 41. Ke3 Rb3+ 42. Ke2 Rb2+ 43. Kf3 Rxh2 44. Ng5 Rb2 45. Rxd6 Rb3+ 46. Kg2 c4 47. Rc6 Rb2+ 48. Kh3 Rd2 49. d6 c3 50. Rxc3 Rxd6 51. Rc7+ Kg8 52. Nf3 Ra6 53. Nh4 Kh8 54. Rc8+ Kh7 55. Nxf5 Rb6 56. Kh4 Ra6 57. g4 Kg6 58. Rc6+  1-0

[Event "G5-2"]
[Site "Svendborg"]
[Date "2019.04.20"]
[Round "3"]
[White "Schmidt, Kim"]
[Black "Hansen, Erik"]
[Result "0-1"]
[WhiteElo "1790"]
[BlackElo "1708"]
[EventDate "2019.04.18"]
[EventRounds "5"]
[EventCountry "DEN"]
[WhiteFideId "1403036"]
[BlackFideId "1413503"]

1. e4 c5 2. Nf3 Nc6 3. Nc3 d6 4. Be2 Nf6 5. O-O e5 6. d3 Be7 7. Bg5 Be6 8. Qd2 h6 9. Bxf6 Bxf6 10. Nd1 Nd4 11. Nxd4 cxd4 12. c3 Bg5 13. Qe1 Bf4 14. Kh1 Qg5 15. Rg1 h5 16. g3 Bd2 17. Qf1 h4 18. f4 hxg3 19. Rg2 Bxf4 20. Nf2 Qh4 21. cxd4 Be3 22. Nd1 Qxh2+ 23. Rxh2 Rxh2#  0-1

[Event "G5-2"]
[Site "Svendborg"]
[Date "2019.04.20"]
[Round "3"]
[White "Pontoppidan, Erik"]
[Black "Raahauge, Lars"]
[Result "1/2-1/2"]
[WhiteElo "1740"]
[BlackElo "1916"]
[EventDate "2019.04.18"]
[EventRounds "5"]
[EventCountry "DEN"]
[WhiteFideId "1403478"]
[BlackFideId "1410199"]

1. d4 Nf6 2. c4 e5 3. dxe5 Ne4 4. Nd2 Nc5 5. Ngf3 Nc6 6. g3 b6 7. Bg2 Bb7 8. O-O Qe7 9. Rb1 a5 10. b3 Nxe5 11. Bb2 f6 12. Nd4 Bxg2 13. Kxg2 g6 14. h3 Bg7 15. Qc2 Ne6 16. f4  1/2-1/2

[Event "G5-2"]
[Site "Svendborg"]
[Date "2019.04.20"]
[Round "3"]
[White "Andersen, Per"]
[Black "Agger, Lars Breinholt"]
[Result "0-1"]
[WhiteElo "1657"]
[BlackElo "1810"]
[EventDate "2019.04.18"]
[EventRounds "5"]
[EventCountry "DEN"]
[WhiteFideId "1445081"]
[BlackFideId "1413058"]

1. d4 Nf6 2. c4 g6 3. Nc3 d5 4. cxd5 Nxd5 5. e4 Nxc3 6. bxc3 Bg7 7. Bc4 c5 8. Ne2 Nc6 9. Be3 O-O 10. O-O Na5 11. Bd3 Bg4 12. f3 cxd4 13. cxd4 Be6 14. Qd2 Bc4 15. Rac1 b5 16. Bf2 Rc8 17. Rfd1 Bxd3 18. Qxd3 Nc4 19. Qb3 a6 20. Qb4 Qd7 21. a4 a5 22. Qxb5 Qxb5 23. axb5 a4 24. Nc3 Bh6  0-1

[Event "G5-2"]
[Site "Svendborg"]
[Date "2019.04.20"]
[Round "3"]
[White "Pedersen, Kim"]
[Black "Hansen, Aksel"]
[Result "1-0"]
[WhiteElo "1661"]
[BlackElo "1814"]
[EventDate "2019.04.18"]
[EventRounds "5"]
[EventCountry "DEN"]
[WhiteFideId "1404105"]
[BlackFideId "1412213"]

1. d4 g6 2. Nc3 Bg7 3. Bf4 d5 4. e3 Nf6 5. Bd3 c6 6. Nge2 Nbd7 7. f3 h6 8. h4 c5 9. Bb5 cxd4 10. exd4 O-O 11. Qd2 Kh7 12. g4 Nb6 13. b3 Nxg4 14. fxg4 Bxg4 15. O-O-O Rc8 16. Rdg1 h5 17. Bd3 Qd7 18. Re1 a6 19. Qe3 Rc6 20. Rhf1 Re6 21. Qf2 Rf6 22. Qg3 Bh3 23. Rf2 Bg4 24. Kb2 Rc8 25. Bg5 Rxf2 26. Qxf2 f6 27. Be3 Rc6 28. Nf4 Bf5 29. Bxf5 Qxf5 30. Nfxd5 Qxf2 31. Bxf2 Nxd5 32. Nxd5 e6 33. Nb4 Rd6 34. c3 g5 35. Bg3 e5 36. dxe5 fxe5 37. hxg5 Rd2+ 38. Kc1 Rd3  1-0

[Event "G5-2"]
[Site "Svendborg"]
[Date "2019.04.21"]
[Round "4"]
[White "Raahauge, Lars"]
[Black "Raahauge, Hans"]
[Result "1/2-1/2"]
[WhiteElo "1916"]
[BlackElo "1617"]
[EventDate "2019.04.18"]
[EventRounds "5"]
[EventCountry "DEN"]
[WhiteFideId "1410199"]
[BlackFideId "1417754"]

1. e4 e5 2. Bc4 d6 3. d3 Nf6 4. Nf3 Be7 5. O-O O-O 6. c3 Nbd7 7. Re1 Nb6 8. Bb3 Bg4 9. h3 Bxf3 10. Qxf3 Nfd7 11. d4 Bf6 12. Be3 Re8 13. Nd2 a5 14. Rad1 a4 15. Bc2 Bg5 16. Nf1 Nc4 17. Bxg5 Qxg5 18. b3 axb3 19. axb3 Ncb6 20. Ra1 Rxa1 21. Rxa1 Ra8 22. Rxa8+ Nxa8 23. Ne3 Qf6 24. Qg4 Nab6 25. Nd5 Qd8 26. Qd1 Nxd5 27. exd5 g6 28. dxe5  1/2-1/2

[Event "G5-2"]
[Site "Svendborg"]
[Date "2019.04.21"]
[Round "4"]
[White "Nielsen, Mathias"]
[Black "Pedersen, Kim"]
[Result "1-0"]
[WhiteElo "1888"]
[BlackElo "1661"]
[EventDate "2019.04.18"]
[EventRounds "5"]
[EventCountry "DEN"]
[WhiteFideId "1441868"]
[BlackFideId "1404105"]

1. e4 d6 2. Nf3 Nd7 3. Bc4 Ngf6 4. d3 h6 5. Nc3 c6 6. a4 e5 7. h3 Be7 8. Be3 Qc7 9. O-O Nf8 10. Ne2 Be6 11. Bxe6 Nxe6 12. Ng3 g6 13. c3 d5 14. Qb3 h5 15. Rfe1 h4 16. exd5 cxd5 17. Nf1 Bd6 18. Ng5 a6 19. Nxe6 fxe6 20. Qb6 Qxb6 21. Bxb6 e4 22. Nd2 Nd7 23. a5 Nxb6 24. axb6 Bf4 25. Rad1 O-O-O 26. dxe4 d4 27. c4 Rd6 28. c5 Rc6 29. b4 a5 30. Nb3 axb4 31. Nxd4 Rxc5 32. Nxe6  1-0

[Event "G5-2"]
[Site "Svendborg"]
[Date "2019.04.21"]
[Round "4"]
[White "Onisey, Mazen"]
[Black "Svendsen, Peter Willer"]
[Result "0-1"]
[WhiteElo "1833"]
[BlackElo "1936"]
[EventDate "2019.04.18"]
[EventRounds "5"]
[EventCountry "DEN"]
[WhiteFideId "1461214"]
[BlackFideId "1405250"]

1. e4 e5 2. Nf3 Nf6 3. Nxe5 d6 4. Nf3 Nxe4 5. Qe2 Qe7 6. Nc3 Nxc3 7. dxc3 Nc6 8. Be3 Bg4 9. h3 Bh5 10. g4 Bg6 11. Nh4 Be4 12. Nf5 Qe6 13. f3 Bxf5 14. gxf5 Qxf5 15. Bg5+ Kd7 16. h4 Re8 17. Bh3 Rxe2+ 18. Kxe2 Qxh3 19. Rxh3 h6 20. Be3 Be7 21. Rg1 Bf6 22. f4 Re8 23. Kf3 a6 24. Rh2 h5 25. Bd2 Ne7 26. Re1 Nf5 27. Rxe8 Kxe8 28. Be1 Kd7 29. Kg2 Ne3+ 30. Kh3 Nd1 31. b3 Nxc3 32. Bxc3 Bxc3 33. Re2 Bf6 34. Kg3 b6 35. f5 a5 36. c4 Be5+ 37. Kf3 Ke7 38. Ke4 c6 39. a4 Bf6 40. Kf4+ Kd7 41. Rd2 Ke7 42. Re2+ Kd7 43. Re3 Bd4 44. Re2 Bf6 45. Re1 d5 46. cxd5 cxd5 47. Rb1 Kc6 48. b4 axb4 49. Rxb4 Bxh4 50. Ke3 Be7 51. Rb2 g5 52. Rh2 h4 53. Rc2+ Bc5+ 54. Kf3 Kd6 55. Kg4 Be3 56. Rc8 d4 57. Re8 Bf4 58. f6 Kd5 59. Re7 d3 60. Rxf7 d2  0-1

[Event "G5-2"]
[Site "Svendborg"]
[Date "2019.04.21"]
[Round "4"]
[White "Agger, Lars Breinholt"]
[Black "Hansen, Erik"]
[Result "1-0"]
[WhiteElo "1810"]
[BlackElo "1708"]
[EventDate "2019.04.18"]
[EventRounds "5"]
[EventCountry "DEN"]
[WhiteFideId "1413058"]
[BlackFideId "1413503"]

1. e4 c5 2. Nf3 Nc6 3. d4 cxd4 4. Nxd4 e5 5. Nb5 a6 6. Nd6+ Bxd6 7. Qxd6 Qf6 8. Qd2 Nge7 9. Nc3 Qg6 10. f3 d6 11. Bc4 Be6 12. Nd5 Rc8 13. c3 Na5 14. Nxe7 Kxe7 15. Bxe6 Qxe6 16. b3 f6 17. O-O Rhd8 18. Ba3 Kf7 19. Rad1 Rc6 20. c4 b6 21. c5 Nb7 22. cxb6 Rxb6 23. Rc1 Rc8 24. Rxc8 Qxc8 25. Rc1 Qe6 26. Rc7+ Kg6 27. Qf2 Qg8 28. Qxb6  1-0

[Event "G5-2"]
[Site "Svendborg"]
[Date "2019.04.21"]
[Round "4"]
[White "Horslund, Mikael"]
[Black "Pontoppidan, Erik"]
[Result "1/2-1/2"]
[WhiteElo "1723"]
[BlackElo "1740"]
[EventDate "2019.04.18"]
[EventRounds "5"]
[EventCountry "DEN"]
[WhiteFideId "1421042"]
[BlackFideId "1403478"]

1. e4 e5 2. Nc3 Nf6 3. Bc4 Bc5 4. d3 d6 5. Nge2 O-O 6. O-O Nc6 7. Bg5 h6 8. Bh4 Be6 9. Nd5 g5 10. Nxf6+ Qxf6 11. Bxe6 fxe6 12. Bg3 Ne7 13. b4 Bb6 14. Kh1 Ng6 15. c3 a5 16. b5 d5 17. f3 h5 18. d4 exd4 19. Nxd4 Rad8 20. Qb3 Nf4 21. e5 Qg6 22. Bxf4 Rxf4 23. g3 Rf7 24. Qb1 Qxb1 25. Raxb1 Bxd4 26. cxd4 Rdf8 27. Kg2 Rc8 28. Rbc1 Kf8 29. Rc3 Ke8 30. Rfc1 Kd8 31. b6 c6 32. Kf2 Ra8 33. Ke2 Kd7 34. Rb1 Rff8 35. Rc5 Ra6 36. a4 Ke7 37. Rcc1 Rc8 38. Rg1 c5 39. h4 cxd4 40. hxg5 Rc2+ 41. Kd3 Rc3+ 42. Ke2 Rc2+ 43. Kd3  1/2-1/2

[Event "G5-2"]
[Site "Svendborg"]
[Date "2019.04.21"]
[Round "4"]
[White "Hansen, Erik Hedegaard"]
[Black "Jensen, Jan Kargaard"]
[Result "0-1"]
[WhiteElo "1698"]
[BlackElo "1691"]
[EventDate "2019.04.18"]
[EventRounds "5"]
[EventCountry "DEN"]
[WhiteFideId "1410946"]
[BlackFideId "1411098"]

1. d4 d5 2. c4 e6 3. Nc3 Nf6 4. e3 c6 5. Bd3 Nbd7 6. Nf3 Bd6 7. O-O O-O 8. e4 dxe4 9. Nxe4 Nxe4 10. Bxe4 Nf6 11. Bc2 Qc7 12. Bg5 Ng4 13. h3 Nh2 14. Nxh2 Bxh2+ 15. Kh1 Bf4 16. Qd3 f5 17. Bxf4 Qxf4 18. Qe3 Qxe3 19. fxe3 Bd7 20. Rad1 g6 21. c5 Rad8 22. b4 Kg7 23. g3 Rfe8 24. Bb3 e5 25. d5 cxd5 26. Bxd5 Bc6 27. Bxc6 bxc6 28. Kg2 Kf6 29. Kf3 e4+ 30. Ke2 Ke5 31. a3 a6 32. h4 h6 33. Rg1 h5 34. Rgf1 Ke6 35. Rd4 Rd5 36. Rxd5 cxd5 37. Rd1 Rc8 38. Rd4 Ke5 39. a4 a5 40. b5 Rxc5 41. Rd2 Rc4 42. Rb2 Kd6 43. b6 Rb4 44. Ra2 Rxb6 45. Kd2 Rb4 46. Kc3 Kc5 47. Ra1 d4+ 48. exd4+ Rxd4  0-1

[Event "G5-2"]
[Site "Svendborg"]
[Date "2019.04.22"]
[Round "5"]
[White "Svendsen, Peter Willer"]
[Black "Jensen, Jan Kargaard"]
[Result "1-0"]
[WhiteElo "1936"]
[BlackElo "1691"]
[EventDate "2019.04.18"]
[EventRounds "5"]
[EventCountry "DEN"]
[WhiteFideId "1405250"]
[BlackFideId "1411098"]

1. e4 c5 2. Nf3 Nc6 3. Bb5 g6 4. O-O Bg7 5. Re1 d6 6. c3 Nf6 7. h3 O-O 8. d4 cxd4 9. cxd4 Bd7 10. Nc3 Rc8 11. Bg5 a6 12. Bf1 b5 13. Qd2 Na5 14. Rad1 Nc4 15. Bxc4 Rxc4 16. e5 h6 17. exf6  1-0

[Event "G5-2"]
[Site "Svendborg"]
[Date "2019.04.22"]
[Round "5"]
[White "Nielsen, Mathias"]
[Black "Onisey, Mazen"]
[Result "1-0"]
[WhiteElo "1888"]
[BlackElo "1833"]
[EventDate "2019.04.18"]
[EventRounds "5"]
[EventCountry "DEN"]
[WhiteFideId "1441868"]
[BlackFideId "1461214"]

1. e4 g6 2. Nf3 Bg7 3. Bc4 c5 4. O-O Nc6 5. c3 Nf6 6. Re1 d6 7. d4 cxd4 8. Nxd4 O-O 9. Bg5 Qb6 10. Qb3 Qc7 11. Nxc6 bxc6 12. Nd2 a5 13. Qc2 a4 14. Nf3 Ng4 15. h3 Ne5 16. Nxe5 Bxe5 17. f4 Bg7 18. f5 d5 19. Bd3 dxe4 20. Bxe4 gxf5 21. Bxf5 Bxf5 22. Qxf5 e6 23. Qg4 Kh8 24. Kh1 Rg8 25. Qf4 Qb7 26. Re2 Ra5 27. Bf6 a3 28. bxa3 Rf5 29. Bxg7+ Rxg7 30. Qe4 Qc7 31. Rb1 Rg6 32. Rd1 Rgf6 33. Qd4 Kg7 34. Re4 Rf1+ 35. Rxf1 e5 36. Qd3  1-0